000 00425nas a22001457a 4500
005 20251108172948.0
008 250721s9999 xx || 000 0 ara d
082 1 4 _aم/378.62/ج
245 1 0 _aحوليات كليه الاداب (1-9,1951-1964) /
264 1 _aالقاهره :
_bكلية الاداب - جامعة عين شمس،
650 1 7 _aالجامعات
650 1 7 _aمصر
942 _2ddc
_cPER
999 _c92881
_d92881